000 01426nam a2200337Ia 4500
001 ebr10186848
003 CaPaEBR
006 m u
007 cr cn|||||||||
008 071015s2007 ne a sb 000 0 eng d
020 _z9781586037352
040 _aCaPaEBR
_cCaPaEBR
035 _a(OCoLC)298787771
050 1 4 _aNA7325
_b.N44 2007eb
245 0 0 _aNeeds
_h[electronic resource] /
_cedited by Ebbe Melgaard ... [et al.].
246 3 0 _aImproving the quality of existing urban building envelopes
260 _aAmsterdam :
_bIOS Press,
_c2007.
300 _ax, 292 p. :
_bill.
490 1 _aResearch in architectural engineering series ;
_vv. 3
490 0 _aCost C16, improving the quality of existing urban building envelopes
504 _aIncludes bibliographical references.
533 _aElectronic reproduction.
_bPalo Alto, Calif. :
_cebrary,
_d2009.
_nAvailable via World Wide Web.
_nAccess may be limited to ebrary affiliated libraries.
650 0 _aArchitecture, Domestic
_xConservation and restoration
_zEurope.
650 0 _aArchitecture, Domestic
_zEurope.
650 0 _aHousing
_zEurope.
655 7 _aElectronic books.
_2local
700 1 _aMelgaard, Ebbe.
710 2 _aebrary, Inc.
830 0 _aResearch in architectural engineering series ;
_vv. 3.
856 4 0 _uhttp://site.ebrary.com/lib/rucke/Doc?id=10186848
_zAn electronic book accessible through the World Wide Web; click to view
999 _c147494
_d147494